Welcome to the official i-CATS University College Library system. If you are a new user, please contact our librarian for registration.

A course in business statistics / (Record no. 2530)

MARC details
000 -LEADER
fixed length control field 00847nam a2200253 a 4500
003 - CONTROL NUMBER IDENTIFIER
control field OSt
005 - DATE AND TIME OF LATEST TRANSACTION
control field 20260227151835.0
008 - FIXED-LENGTH DATA ELEMENTS--GENERAL INFORMATION
fixed length control field 260227b |||||||| |||| 00| 0 eng d
020 ## - INTERNATIONAL STANDARD BOOK NUMBER
International Standard Book Number 0534265081
Terms of availability (hardcover)
020 ## - INTERNATIONAL STANDARD BOOK NUMBER
International Standard Book Number 9780534265083
Terms of availability (hardcover)
040 ## - CATALOGING SOURCE
Original cataloging agency DLC
Language of cataloging eng
Transcribing agency DLC
Modifying agency iCATSUC
050 ## - LIBRARY OF CONGRESS CALL NUMBER
Classification number HF1017
Item number .M458 1996
082 ## - DEWEY DECIMAL CLASSIFICATION NUMBER
Edition number dc20
Classification number 519.5
Item number /MEN
100 ## - MAIN ENTRY--PERSONAL NAME
Personal name Mendenhall, William,
Relator term author.
245 ## - TITLE STATEMENT
Title A course in business statistics /
Statement of responsibility, etc. William Mendenhall, Robert J. Beaver, & Barbara M. Beaver.
250 ## - EDITION STATEMENT
Edition statement 4th edn.
260 ## - PUBLICATION, DISTRIBUTION, ETC.
Place of publication, distribution, etc. Belmont, California, USA :
Name of publisher, distributor, etc. Wadsworth Publishing Company,
Date of publication, distribution, etc. 1996.
300 ## - PHYSICAL DESCRIPTION
Extent 837 p. :
Other physical details ill. (some col.) ;
Dimensions 24 cm.
500 ## - GENERAL NOTE
General note Includes index.
650 ## - SUBJECT ADDED ENTRY--TOPICAL TERM
Topical term or geographic name entry element Commercial statistics.
700 ## - ADDED ENTRY--PERSONAL NAME
Personal name Beaver, Robert J.,
Relator term author.
700 ## - ADDED ENTRY--PERSONAL NAME
Personal name Beaver, Barbara M.,
Relator term author.
942 ## - ADDED ENTRY ELEMENTS (KOHA)
Source of classification or shelving scheme Library of Congress Classification
Koha item type Books
Suppress in OPAC No
Holdings
Date last seen Total checkouts Full call number Barcode Copy number Price effective from Koha item type Lost status Source of classification or shelving scheme Damaged status Not for loan Collection Withdrawn status Home library Current library Shelving location Date acquired Cost, normal purchase price
27/02/2026   HF1017 .M458 1996 1002652 1 27/02/2026 Books   Library of Congress Classification     Open Collection   Dato Maznah Library & Information Services Dato Maznah Library & Information Services H Social Sciences 27/02/2026 93.30
Copyright CITM & Maznah Library, i-CATS University College 2025. All Rights Reserved